| 000 | 00598cam a2200181 4500 | ||
|---|---|---|---|
| 001 | WS108079 | ||
| 008 | 000000n 000 0 eng u | ||
| 035 | _a(Sirsi) u108079 | ||
| 245 | _aProfessional Surveyor | ||
| 520 | _aOnline version of this US journal including a database of previous issues and current events. | ||
| 650 | 0 | _aJOURNALS | |
| 650 | _aUSA | ||
| 650 |
_aGeomatics _96242 |
||
| 650 | _aINTERNATIONAL | ||
| 690 | _aMANAGEMENT-BUSINESS MANAGEMENT-PROFESSIONAL PRACTICE | ||
| 856 | 4 | 0 |
_uhttps://www.profsurv.com _zView the website free of charge at www.profsurv.com... |
| 942 | _n0 | ||
| 999 |
_c119614 _d119614 |
||